English Championship Play-Off Finalists - Statistics

General Stats
  • This quiz has been taken 35 times
  • The average score is 32 of 40
Answer Stats
Hint Answer % Correct
2005–06 Football League Championship Leeds United
97%
2023–24 EFL Championship Leeds United
97%
2023–24 EFL Championship Southampton
94%
2017–18 EFL Championship Fulham
91%
2019–20 EFL Championship Fulham
91%
2012–13 Football League Championship Crystal Palace
88%
2006–07 Football League Championship Derby County
88%
2013–14 Football League Championship Derby County
88%
2018–19 EFL Championship Derby County
88%
2014–15 Football League Championship Norwich City
88%
2017–18 EFL Championship Aston Villa
84%
2018–19 EFL Championship Aston Villa
84%
2009–10 Football League Championship Blackpool
84%
2011–12 Football League Championship Blackpool
84%
2008–09 Football League Championship Burnley
84%
2014–15 Football League Championship Middlesbrough
84%
2010–11 Football League Championship Swansea City
84%
2020–21 EFL Championship Swansea City
84%
2004–05 Football League Championship West Ham United
81%
2011–12 Football League Championship West Ham United
81%
2009–10 Football League Championship Cardiff City
78%
2022–23 EFL Championship Coventry City
78%
2007–08 Football League Championship Hull City
78%
2015–16 Football League Championship Hull City
78%
2008–09 Football League Championship Sheffield United
78%
2016–17 EFL Championship Huddersfield Town
75%
2021–22 EFL Championship Huddersfield Town
75%
2022–23 EFL Championship Luton Town
75%
2013–14 Football League Championship Queens Park Rangers
75%
2015–16 Football League Championship Sheffield Wednesday
75%
2005–06 Football League Championship Watford
75%
2012–13 Football League Championship Watford
75%
2006–07 Football League Championship West Bromwich Albion
75%
2019–20 EFL Championship Brentford
72%
2020–21 EFL Championship Brentford
72%
2010–11 Football League Championship Reading
72%
2016–17 EFL Championship Reading
72%
2004–05 Football League Championship Preston North End
69%
2007–08 Football League Championship Bristol City
63%
2021–22 EFL Championship Nottingham Forest
63%
No matching quizzes found
Score Distribution
Percent of People with Each Score
Percentile by Number Answered
Your Score History
You have not taken this quiz